El partido comunista y la universidad
Saved in:
| Hovedforfatter: | |
|---|---|
| Format: | Bog |
| Sprog: | spansk |
| Udgivet: |
Santiago
Revista Aurora
1964
|
| Fag: | |
| Tags: |
Tilføj Tag
Ingen Tags, Vær først til at tagge denne postø!
|
MARC
| LEADER | 00000nam a2200000 a 4500 | ||
|---|---|---|---|
| 001 | UCY8257 | ||
| 003 | CL-VaPUC | ||
| 008 | 950703e19640000CL |||||||||||||||||spa|d | ||
| 082 | 0 | 4 | |a 335.4 |b RAM |2 21 |
| 100 | |a Ramírez Necochea, Hernán |e author |d 1917-1979 |9 339512 | ||
| 245 | 1 | 3 | |a El partido comunista y la universidad |
| 300 | |a 151 p | ||
| 942 | |c BK | ||
| 945 | |d 19950703 00:00:00 |a rbrito | ||
| 260 | |a Santiago |b Revista Aurora |c 1964 | ||
| 650 | 0 | |a Comunismo |9 255588 | |
| 650 | 0 | |a Educación superior |9 223851 | |
| 650 | 0 | |a Universidades |9 256317 | |
| 650 | 7 | |a MARXISMO |2 CL-VaPUC |9 339513 | |
| 583 | |a last modification |c 19950703 00:00:00 |k Rodrigo Vera | ||
| 999 | |c 235532 |d 235530 | ||
| 952 | |0 0 |1 0 |4 0 |6 335_400000000000000_RAM_1964 |7 0 |8 A |9 243025 |a BIBHIS |b BIBHIS |d 2019-11-18 |i 3098915 |o 335.4 RAM 1964 |p 3098915 |r 2025-01-20 |w 2019-11-18 |y BK |k HIS | ||